Statystyki dla Kartkówka z wiedzy ogólnej. #4

Kliknij tutaj aby rozwiązać quiz!

Ogólne statystyki

  • Ten quiz został rozwiązany 27 razy
  • Średni wynik to 6 z 10

Statystyki odpowiedzi

HintOdpowiedź% Poprawnych
Z jakim sąsiadującym państwem Polska ma najkrótszą granicę?Litwa
100%
Kto jest autorem rzeźb "Mojżesz" i "Dawid"?Michał Anioł
81%
Jaką część ciała stracił Vincent van Gogh?Ucho
81%
W jakim województwie znajduje się Roztoczański Park Narodowy?Lubelskie
69%
Jedyne państwo, w którym występują lemury to:Madagaskar
69%
Na ostatnich piłkarskich mistrzostwach świata w Katarze reprezentacja Polski zdobyła 3 bramki. Dwie z nich strzelił Lewandowski, a kto zdobył trzecią?Zieliński
69%
Izotopem jakiego pierwiastka jest deuter?Wodoru
46%
Rezystor to inaczej:Opornik
42%
W szermierce walczy się w trzech broniach. Wymień dwie z nich.Szabla Floret Szpada
19%
Najmniejszym ptakiem gniazdującym w Polsce jest:Mysikrólik
15%

Rozkład punktacji

Percentyl według liczby udzielonych odpowiedzi

Procent ludzi z każdym wynikiem

Twoja historia wyników

Nie rozwiązałeś tego quizu